Das islamisierte Strafrecht des Sudan: von seiner Einführung 1983 bis Juli 1992
| Main Author: | |
|---|---|
| Format: | Print Book |
| Language: | German |
| Published: |
Hamburg
Dt. Orient-Inst.
1992
|
| In: |
Mitteilungen des Deutschen Orient-Instituts im Verbund der Stiftung Deutsches Übersee-Institut (43)
Year: 1992 |
| Online Access: |
Table of Contents Table of Contents |
| Check availability: | HBZ Gateway |
| Subito Delivery Service: | Order now. |
| Keywords: |
MARC
| LEADER | 00000cam a2200000 c 4500 | ||
|---|---|---|---|
| 001 | 123725771 | ||
| 003 | DE-627 | ||
| 005 | 20260206194619.0 | ||
| 007 | tu | ||
| 008 | 930414s1992 gw ||||| m 00| ||ger c | ||
| 015 | |a 93,B16,0403 |2 dnb | ||
| 016 | 7 | |a 930583590 |2 DE-101 | |
| 020 | |a 3891730268 |c (kart.) |9 3-89173-026-8 | ||
| 035 | |a (DE-627)123725771 | ||
| 035 | |a (DE-603)024400483 | ||
| 035 | |a (DE-576)033656479 | ||
| 035 | |a (DE-599)GBV123725771 | ||
| 035 | |a (OCoLC)231479423 | ||
| 035 | |a (OCoLC)311815849 | ||
| 035 | |a (DE-604)806706177x | ||
| 035 | |a (DE-615)00786734 | ||
| 040 | |a DE-627 |b ger |c DE-627 |e rakwb | ||
| 041 | |a ger | ||
| 044 | |c XA-DE | ||
| 050 | 0 | |a KTQ3790 | |
| 082 | 0 | |a 346.2405 | |
| 082 | 0 | |a 345.624 | |
| 082 | 0 | |a 345.624 |a 346.2405 |q LoC |2 DDC20oclc | |
| 084 | |a 19 |a 13 |2 sdnb | ||
| 084 | |a RG01.17 |2 fivr | ||
| 084 | |a SF10 |2 fivs | ||
| 084 | |a PH 6664 |2 rvk |0 (DE-625)rvk/136452:405 | ||
| 100 | 1 | |a Köndgen, Olaf |d 1961- |0 (DE-588)121521168 |0 (DE-627)081362196 |0 (DE-576)292752679 |4 aut | |
| 109 | |a Köndgen, Olaf 1961- |a Köndgen, O. A. 1961- |a Köndgen, Olaf Andreas 1961- | ||
| 245 | 1 | 4 | |a Das islamisierte Strafrecht des Sudan |b von seiner Einführung 1983 bis Juli 1992 |c Olaf Köndgen. Deutsches Orient-Institut, Hamburg |
| 264 | 1 | |a Hamburg |b Dt. Orient-Inst. |c 1992 | |
| 300 | |a 145 S. |b Kt. |c 21 cm | ||
| 336 | |a Text |b txt |2 rdacontent | ||
| 337 | |a ohne Hilfsmittel zu benutzen |b n |2 rdamedia | ||
| 338 | |a Band |b nc |2 rdacarrier | ||
| 490 | 1 | |a Mitteilungen / Deutsches Orient-Institut |v 43 | |
| 500 | |a Literaturverz. S. 135 - 145 | ||
| 502 | |a Zugl.: Berlin, Univ., Magisterarbeit, 1992 | ||
| 648 | 7 | |a Geschichte 1983-1992 |2 gnd | |
| 650 | 0 | 7 | |0 (DE-588)4048737-4 |0 (DE-627)106189719 |0 (DE-576)20907907X |a Recht |2 gnd |
| 650 | 0 | 7 | |0 (DE-588)4020517-4 |0 (DE-627)106317768 |0 (DE-576)208933697 |a Geschichte |2 gnd |
| 650 | 0 | 7 | |0 (DE-588)1151921939 |0 (DE-627)101270016X |0 (DE-576)498151891 |a Islamisches Recht |2 gnd |
| 650 | 0 | 7 | |0 (DE-588)4027058-0 |0 (DE-627)106286234 |0 (DE-576)208968997 |a Innenpolitik |2 gnd |
| 650 | 0 | 7 | |0 (DE-588)4138592-5 |0 (DE-627)104591846 |0 (DE-576)209687355 |a Islamisierung |2 gnd |
| 650 | 0 | 7 | |0 (DE-588)4057795-8 |0 (DE-627)106149458 |0 (DE-576)209123737 |a Strafrecht |2 gnd |
| 650 | 0 | 7 | |0 (DE-588)4027743-4 |0 (DE-627)106283499 |0 (DE-576)20897220X |a Islam |2 gnd |
| 650 | 4 | |a Sudan |x Strafrecht |x Rechtsgeschichte |x Islamisches Recht |x Innenpolitische Lage/Entwicklung |x Islamisierung | |
| 651 | 7 | |0 (DE-588)4058378-8 |0 (DE-627)106147560 |0 (DE-576)209125942 |a Sudan |2 gnd | |
| 653 | 0 | |a Criminal law (Islamic law) |a Sudan |a History | |
| 653 | 0 | |a Criminal law |a Sudan |a History | |
| 653 | 0 | |a Criminal justice, Administration of |a Sudan |a History | |
| 655 | 7 | |a Hochschulschrift |0 (DE-588)4113937-9 |0 (DE-627)105825778 |0 (DE-576)209480580 |2 gnd-content | |
| 689 | 0 | 0 | |d g |0 (DE-588)4058378-8 |0 (DE-627)106147560 |0 (DE-576)209125942 |a Sudan |2 gnd |
| 689 | 0 | 1 | |d s |0 (DE-588)4057795-8 |0 (DE-627)106149458 |0 (DE-576)209123737 |a Strafrecht |2 gnd |
| 689 | 0 | 2 | |d s |0 (DE-588)4027743-4 |0 (DE-627)106283499 |0 (DE-576)20897220X |a Islam |2 gnd |
| 689 | 0 | 3 | |a z |2 gnd |a Geschichte 1983-1992 |
| 689 | 0 | |5 (DE-627) | |
| 751 | |a Berlin |0 (DE-588)4005728-8 |0 (DE-627)10482638X |0 (DE-576)208862560 |4 uvp | ||
| 810 | 2 | |a Deutsches Orient-Institut |t Mitteilungen des Deutschen Orient-Instituts im Verbund der Stiftung Deutsches Übersee-Institut |v 43 |9 4300 |w (DE-627)129405078 |w (DE-576)014786613 |w (DE-600)187264-3 |x 0177-4158 |7 am | |
| 856 | 4 | 2 | |u http://www.gbv.de/dms/spk/sbb/toc/273408933.pdf |m V:DE-601 |m B:DE-1 |q pdf/application |x Verlag |y Inhaltsverzeichnis |3 Inhaltsverzeichnis |7 1 |
| 856 | 4 | 2 | |u http://scans.hebis.de/HEBCGI/show.pl?02440048_toc.pdf |m V:DE-603;B:DE-26 |q application/pdf |3 Inhaltsverzeichnis |7 1 |
| 889 | |w (DE-627)273408933 | ||
| 935 | |i mdedup | ||
| 935 | |i Blocktest | ||
| 936 | r | v | |a PH 6664 |b Einzeldarstellungen zum materiellen Strafrecht |k Rechtswissenschaft |k Strafrecht, Strafverfahrensrecht, Kriminologie |k Vergleichendes und ausländisches Straf- und Strafprozessrecht einschliesslich Strafvollzug |k Ausländisches Recht - Einzelne Länder |k Afrika |k Nordafrika |k Sonstige, bes. arab. Länder |k Einzeldarstellungen zum materiellen Strafrecht |0 (DE-627)1275297544 |0 (DE-625)rvk/136452:405 |0 (DE-576)205297544 |
| 936 | f | i | |0 (DE-627)1756133638 |a RG01.17 |b Sudan |k Naher und Mittlerer Osten und Nordafrika |k Nordafrika |k Sudan |2 fivr |
| 936 | f | i | |0 (DE-627)1756135886 |a SF10 |b Recht |k Staat |k Recht |2 fivs |
| 936 | s | n | |a p100 |2 mzub |
| 936 | s | n | |a b100 |2 mzub |
| 938 | 1 | 0 | |0 (DE-627)1756218463 |0 (DE-615)6600289 |a Sudan |2 fivt |
| 938 | 1 | 0 | |0 (DE-627)175622854X |0 (DE-615)6606715 |a Strafrecht |2 fivt |
| 938 | 1 | 0 | |0 (DE-627)1756139822 |0 (DE-615)6604263 |a Rechtsgeschichte |2 fivt |
| 938 | 1 | 0 | |0 (DE-627)1756225982 |0 (DE-615)6605313 |a Islamisches Recht |2 fivt |
| 938 | 1 | 0 | |0 (DE-627)1756182744 |0 (DE-615)6608557 |a Innenpolitische Lage/Entwicklung |2 fivt |
| 938 | 1 | 0 | |0 (DE-627)1756172617 |0 (DE-615)6607813 |a Islamisierung |2 fivt |
| 951 | |a BO | ||
| ELC | |b 1 | ||
| LOK | |0 000 xxxxxcx a22 zn 4500 | ||
| LOK | |0 001 3182274929 | ||
| LOK | |0 003 DE-627 | ||
| LOK | |0 004 123725771 | ||
| LOK | |0 005 20151116140023 | ||
| LOK | |0 008 150728||||||||||||||||ger||||||| | ||
| LOK | |0 035 |a (DE-21-110)kd7092 | ||
| LOK | |0 040 |a DE-21-110 |c DE-627 |d DE-21-110 | ||
| LOK | |0 689 |a s |a Islamisches Strafrecht | ||
| LOK | |0 852 |z Kein Bestand am IfK; Nachweis für KrimDok | ||
| LOK | |0 852 |a DE-21-110 | ||
| LOK | |0 852 1 |9 00 | ||
| LOK | |0 935 |a k110 | ||
| LOK | |0 939 |a 28-07-15 |b l01 | ||
| ORI | |a SA-MARC-krimdoka001.raw | ||
| TIM | |a 100019830101_100019921231 |b Geschichte 1983-1992 | ||
